Museum of Fine Arts, Boston : (Record no. 607889)
[ view plain ]
| 000 -LEADER | |
|---|---|
| fixed length control field | 01275cam a2200337 i 4500 |
| 001 - CONTROL NUMBER | |
| control field | 18025597 |
| 003 - CONTROL NUMBER IDENTIFIER | |
| control field | OSt |
| 005 - DATE AND TIME OF LATEST TRANSACTION | |
| control field | 20240220125045.0 |
| 008 - FIXED-LENGTH DATA ELEMENTS--GENERAL INFORMATION | |
| fixed length control field | 140131s2013 gw a 000 0 eng |
| 010 ## - LIBRARY OF CONGRESS CONTROL NUMBER | |
| LC control number | 2013388128 |
| 020 ## - INTERNATIONAL STANDARD BOOK NUMBER | |
| International Standard Book Number | 9783791346939 |
| 040 ## - CATALOGING SOURCE | |
| Original cataloging agency | DLC |
| Language of cataloging | eng |
| Description conventions | rda |
| Transcribing agency | DLC |
| Modifying agency | DLC |
| 042 ## - AUTHENTICATION CODE | |
| Authentication code | pcc |
| 043 ## - GEOGRAPHIC AREA CODE | |
| Geographic area code | n-us-ma |
| 050 00 - LIBRARY OF CONGRESS CALL NUMBER | |
| Classification number | N520 |
| Item number | .F67 2013 |
| 082 ## - DEWEY DECIMAL CLASSIFICATION NUMBER | |
| Classification number | 727.70974461 |
| Author Mark | FOS |
| Edition number | FOS |
| 100 1# - MAIN ENTRY--PERSONAL NAME | |
| Personal name | Foster, Norman, |
| Dates associated with a name | 1935- |
| Relator term | author. |
| 9 (RLIN) | 32444 |
| 245 10 - TITLE STATEMENT | |
| Title | Museum of Fine Arts, Boston : |
| Remainder of title | Foster + Partners / |
| Statement of responsibility, etc. | Norman Foster, Edward R. Bosley. |
| 260 ## - PUBLICATION, DISTRIBUTION, ETC. | |
| Place of publication, distribution, etc. | London; |
| Name of publisher, distributor, etc. | Prestel Publishing; |
| Date of publication, distribution, etc. | 2013. |
| 300 ## - PHYSICAL DESCRIPTION | |
| Extent | 96 pages : |
| Other physical details | illustrations (chiefly color) ; |
| Dimensions | 22 cm |
| 610 20 - SUBJECT ADDED ENTRY--CORPORATE NAME | |
| Corporate name or jurisdiction name as entry element | Museum of Fine Arts, Boston. |
| 9 (RLIN) | 120802 |
| 610 20 - SUBJECT ADDED ENTRY--CORPORATE NAME | |
| Corporate name or jurisdiction name as entry element | Sir Norman Foster and Partners. |
| 9 (RLIN) | 120380 |
| 650 #0 - SUBJECT ADDED ENTRY--TOPICAL TERM | |
| Topical term or geographic name entry element | Art museum architecture |
| Geographic subdivision | Massachusetts |
| -- | Boston. |
| 9 (RLIN) | 120803 |
| 651 #0 - SUBJECT ADDED ENTRY--GEOGRAPHIC NAME | |
| Geographic name | Boston (Mass.) |
| General subdivision | Buildings, structures, etc. |
| 9 (RLIN) | 120804 |
| 700 1# - ADDED ENTRY--PERSONAL NAME | |
| Personal name | Bosley, Edward R., |
| Relator term | author. |
| 9 (RLIN) | 120451 |
| 700 1# - ADDED ENTRY--PERSONAL NAME | |
| Personal name | Jenkins, David, |
| Dates associated with a name | 1957 September 25- |
| Relator term | editor. |
| 9 (RLIN) | 120805 |
| 906 ## - LOCAL DATA ELEMENT F, LDF (RLIN) | |
| a | 7 |
| b | cbc |
| c | orignew |
| d | 2 |
| e | ncip |
| f | 20 |
| g | y-gencatlg |
| 942 ## - ADDED ENTRY ELEMENTS (KOHA) | |
| Source of classification or shelving scheme | |
| Koha item type | Book |
| Institution code [OBSOLETE] | SADA |
| Call number prefix | 727.70974461 FOS 2013 |
| Withdrawn status | Lost status | Source of classification or shelving scheme | Damaged status | Not for loan | Permanent Location | Current Location | Date acquired | Source of acquisition | Total Checkouts | Full call number | Barcode | Date last seen | Cost, replacement price | Price effective from | Koha item type |
|---|---|---|---|---|---|---|---|---|---|---|---|---|---|---|---|
| School of Art Design and Architecture (SADA) | School of Art Design and Architecture (SADA) | 08/16/2018 | Golden Books | 727.70974461 FOS 2013 | SADA0002788 | 02/20/2024 | 2716.56 | 02/20/2024 | Book |
